[Event "Bayern-ch Seniors 23rd"]
[Site "Bergen"]
[Date "2011.06.03"]
[Round "7"]
[White "Maertin, Eberhard"]
[Black "Mack, Thomas"]
[Result "0-1"]
[WhiteElo "1632"]
[BlackElo "1868"]
[PlyCount "58"]
[EventDate "2011.05.28"]
[EventType "swiss"]
[EventRounds "9"]
[EventCountry "GER"]
[SourceTitle "EXT 2012"]
[Source "ChessBase"]
[SourceDate "2011.11.24"]
[SourceVersion "1"]
[SourceVersionDate "2011.11.24"]
[SourceQuality "1"]

1. d4 Nf6 2. Nc3 d5 3. Bg5 c5 4. e3 Nc6 5. Bb5 Qa5 6. Bxf6 exf6 7. dxc5 a6 8. Bxc6+ bxc6 9. Nge2 Bxc5 10. a3 Qc7 11. 0-0 0-0 12. b4 Bd6 13. g3 Bg4 14. f3 Bh3 15. Re1 Rfe8 16. Kf2 Be5 17. Rb1 h5 18. f4 Bd6 19. Qd2 Re7 20. Ng1 Bf5 21. Rbc1 Rae8 22. Nd1 Re4 23. c3 g5 24. c4 dxc4 25. Nc3 R4e6 26. fxg5 fxg5 27. Nf3 h4 28. gxh4 Bxh2 29. Nxh2 Qxh2+ 0-1

[Event "Bayern-ch Seniors 23rd"]
[Site "Bergen"]
[Date "2011.05.30"]
[Round "3"]
[White "Maertin, Eberhard"]
[Black "Ries, Berthold"]
[Result "0-1"]
[WhiteElo "1632"]
[BlackElo "1847"]
[PlyCount "64"]
[EventDate "2011.05.28"]
[EventType "swiss"]
[EventRounds "9"]
[EventCountry "GER"]
[SourceTitle "EXT 2012"]
[Source "ChessBase"]
[SourceDate "2011.11.24"]
[SourceVersion "1"]
[SourceVersionDate "2011.11.24"]
[SourceQuality "1"]

1. d4 Nf6 2. Nc3 d5 3. Bg5 Nbd7 4. Bxf6 Nxf6 5. Qd3 e6 6. Nf3 Be7 7. e3 0-0 8. Be2 c5 9. dxc5 Bxc5 10. 0-0 b6 11. Rfd1 Bb7 12. a3 a5 13. Qd2 Qe7 14. Bb5 Rfd8 15. Qe2 e5 16. Rd2 Rd6 17. Rad1 h6 18. h3 Re6 19. Qf1 g5 20. Ne2 Ne4 21. Rd3 f5 22. Nc3 Nf6 23. R3d2 Kh8 24. Nh2 h5 25. Be2 g4 26. h4 f4 27. exf4 exf4 28. Nxd5 Bxd5 29. Bb5 g3 30. Nf3 gxf2+ 31. Kh1 Bxf3 32. gxf3 Re1 0-1

[Event "Bayern-ch Seniors 20th"]
[Site "Bergen"]
[Date "2008.06.13"]
[Round "7.16"]
[White "Maertin, Eberhard"]
[Black "Gudat, Alfons"]
[Result "0-1"]
[WhiteElo "1684"]
[BlackElo "1840"]
[PlyCount "78"]
[EventDate "2008.06.07"]
[EventType "swiss"]
[EventRounds "9"]
[EventCountry "GER"]
[SourceTitle "EXT 2022"]
[Source "ChessBase"]
[SourceDate "2021.10.06"]
[SourceVersion "1"]
[SourceVersionDate "2021.10.06"]
[SourceQuality "1"]

1. d4 Nf6 2. Nf3 b6 3. g3 Bb7 4. Bg2 e6 5. Bg5 Be7 6. Bxf6 Bxf6 7. c3 0-0 8. 0-0 c5 9. e3 d6 10. Qc2 Qc7 11. Nbd2 Nd7 12. Rfe1 Rac8 13. Qd1 Rfe8 14. Nb3 a5 15. Rc1 e5 16. dxe5 dxe5 17. Re2 Nf8 18. Rd2 Rcd8 19. Qc2 c4 20. Na1 Rxd2 21. Qxd2 Rd8 22. Qe2 Be4 23. Ne1 Bxg2 24. Kxg2 Qc6+ 25. Kg1 Qd5 26. Nac2 Ne6 27. e4 Qd2 28. Qxd2 Rxd2 29. Rb1 Nc5 30. f3 Nd3 31. h4 Be7 32. Nxd3 cxd3 33. Na3 Bc5+ 34. Kf1 h5 35. b4 axb4 36. cxb4 Bd4 37. Nb5 Rf2+ 38. Ke1 d2+ 39. Kd1 Rf1+ 0-1

[Event "Bayern-ch Seniors 20th"]
[Site "Bergen"]
[Date "2008.06.12"]
[Round "6.19"]
[White "Krafzik, Joachim"]
[Black "Maertin, Eberhard"]
[Result "1/2-1/2"]
[WhiteElo "1819"]
[BlackElo "1684"]
[PlyCount "52"]
[EventDate "2008.06.07"]
[EventType "swiss"]
[EventRounds "9"]
[EventCountry "GER"]
[SourceTitle "EXT 2022"]
[Source "ChessBase"]
[SourceDate "2021.10.06"]
[SourceVersion "1"]
[SourceVersionDate "2021.10.06"]
[SourceQuality "1"]

1. b4 e5 2. Bb2 Nf6 3. Bxe5 Bxb4 4. c4 c6 5. Qb3 Ba5 6. Nf3 d6 7. Bb2 0-0 8. e3 Re8 9. Be2 Nbd7 10. 0-0 a6 11. a4 Rb8 12. Qc2 Bc7 13. d4 d5 14. Nc3 Nf8 15. Ba3 Bd6 16. Bxd6 Qxd6 17. c5 Qc7 18. Ne5 N6d7 19. Nd3 Nf6 20. a5 Bf5 21. Qd1 Bxd3 22. Qxd3 Re7 23. Qf5 Rbe8 24. Qc2 g6 25. Bf3 Ne6 26. h4 h5 1/2-1/2

[Event "Bayern-ch Seniors 20th"]
[Site "Bergen"]
[Date "2008.06.08"]
[Round "2.13"]
[White "Walther, Reinhard"]
[Black "Maertin, Eberhard"]
[Result "1-0"]
[WhiteElo "1918"]
[BlackElo "1684"]
[PlyCount "89"]
[EventDate "2008.06.07"]
[EventType "swiss"]
[EventRounds "9"]
[EventCountry "GER"]
[SourceTitle "EXT 2022"]
[Source "ChessBase"]
[SourceDate "2021.10.06"]
[SourceVersion "1"]
[SourceVersionDate "2021.10.06"]
[SourceQuality "1"]

1. d4 d5 2. c4 e6 3. Nc3 c6 4. Nf3 Nf6 5. Bg5 Be7 6. e3 Nbd7 7. Bd3 h6 8. Bf4 0-0 9. h3 Re8 10. Qc2 Nf8 11. Ne5 Bd6 12. Bh2 Bxe5 13. dxe5 dxc4 14. Bxc4 Nd5 15. 0-0 Nxc3 16. Qxc3 b5 17. Be2 Bb7 18. Rad1 Qb6 19. Rd6 Rad8 20. Rfd1 a6 21. Bf3 Rc8 22. g4 Rc7 23. Bg2 Qa7 24. Qa5 Rcc8 25. Bg3 Qb8 26. h4 Qc7 27. Qd2 Qb6 28. f4 a5 29. Bf2 Qc7 30. a3 c5 31. Bxb7 Qxb7 32. Qxa5 Qf3 33. g5 hxg5 34. hxg5 b4 35. Qb5 bxa3 36. bxa3 c4 37. Qb2 Ra8 38. Qc3 Rec8 39. Rc1 Ng6 40. Rd4 Ne7 41. Rxc4 Rxc4 42. Qxc4 Rxa3 43. Qb4 Ra2 44. Qb8+ Kh7 45. Qb1+ 1-0

[Event "Bayern-ch Seniors 20th"]
[Site "Bergen"]
[Date "2008.06.07"]
[Round "1.43"]
[White "Maertin, Eberhard"]
[Black "Frithjof, Ewald"]
[Result "1-0"]
[WhiteElo "1684"]
[BlackElo "1256"]
[PlyCount "35"]
[EventDate "2008.06.07"]
[EventType "swiss"]
[EventRounds "9"]
[EventCountry "GER"]
[SourceTitle "EXT 2022"]
[Source "ChessBase"]
[SourceDate "2021.10.06"]
[SourceVersion "1"]
[SourceVersionDate "2021.10.06"]
[SourceQuality "1"]

1. e4 e5 2. f4 Nc6 3. Nf3 exf4 4. d4 d5 5. e5 Bf5 6. Bxf4 Nb4 7. Na3 a6 8. c3 Nc6 9. Nc2 Be7 10. Ne3 Be4 11. Bd3 g5 12. Bg3 Nh6 13. Bxe4 dxe4 14. Nd2 f5 15. exf6 Bxf6 16. 0-0 Rf8 17. Qh5+ Nf7 18. Nxe4 1-0

[Event "Bayern-ch Seniors 19th"]
[Site "Schloss Schney"]
[Date "2007.06.12"]
[Round "1"]
[White "Maertin, Eberhard"]
[Black "Aigner, Georg"]
[Result "0-1"]
[WhiteElo "1622"]
[BlackElo "1893"]
[PlyCount "64"]
[EventDate "2007.06.12"]
[EventType "swiss"]
[EventRounds "9"]
[EventCountry "GER"]
[SourceTitle "EXT 2008"]
[Source "ChessBase"]
[SourceDate "2007.11.25"]
[SourceVersion "1"]
[SourceVersionDate "2007.11.25"]
[SourceQuality "1"]

1. d4 d5 2. Nc3 Nf6 3. Bg5 c6 4. Nf3 Bf5 5. e3 Nbd7 6. Bd3 Ne4 7. Bxe4 Bxe4 8. 0-0 Nf6 9. Bxf6 exf6 10. Nd2 Bf5 11. e4 Be6 12. Re1 dxe4 13. Ndxe4 f5 14. Ng3 Bd6 15. Nxf5 0-0 16. Nxd6 Qxd6 17. Ne4 Qc7 18. b3 Rad8 19. c3 b6 20. Qh5 Rd5 21. Qh4 Bf5 22. Qg3 Qd8 23. f3 Bg6 24. Qf2 f5 25. Nd2 c5 26. Re5 cxd4 27. Rxd5 Qxd5 28. c4 Qd6 29. f4 Bh5 30. Nf1 d3 31. Nd2 Re8 32. Qh4 Qd4+ 0-1

[Event "Mittelfranken-ch QT 55th"]
[Site "Postbauer"]
[Date "2006.04.14"]
[Round "6"]
[White "Reuter, Roland"]
[Black "Maertin, Eberhard"]
[Result "1-0"]
[WhiteElo "1903"]
[BlackElo "1664"]
[PlyCount "120"]
[EventDate "2006.04.12"]
[EventType "swiss"]
[EventRounds "7"]
[EventCountry "GER"]
[SourceTitle "EXT 2015"]
[Source "ChessBase"]
[SourceDate "2014.11.20"]
[SourceVersion "1"]
[SourceVersionDate "2014.11.20"]
[SourceQuality "1"]

1. c4 e6 2. Nf3 Nf6 3. d4 d5 4. Nc3 c6 5. e3 Bb4 6. Qc2 0-0 7. Bd2 Bxc3 8. Bxc3 Nbd7 9. Bd3 h6 10. b3 Re8 11. h3 Qc7 12. g4 e5 13. dxe5 Nxe5 14. Nxe5 Rxe5 15. Bxe5 Qxe5 16. Kd2 Be6 17. f4 Qc7 18. g5 hxg5 19. fxg5 Nh5 20. Rae1 dxc4 21. Bxc4 Qa5+ 22. Kc1 Bxc4 23. bxc4 g6 24. Rhg1 Re8 25. Re2 Ng7 26. Rg4 Nf5 27. Qd3 Qe5 28. e4 Nd4 29. Rf2 c5 30. h4 Nc6 31. Kb1 Rd8 32. Qf3 Qe6 33. Rf4 Ne5 34. Qb3 Rd7 35. Rf6 Qg4 36. R6f4 Qe6 37. Qc3 b6 38. Rf6 Qxc4 39. Qxc4 Nxc4 40. Re2 Na3+ 41. Kc1 Nb5 42. Kb2 Kg7 43. e5 Nd4 44. Re4 Re7 45. Kc3 Rd7 46. Kc4 Re7 47. a4 Rc7 48. Kd5 Ne6 49. Kd6 Rb7 50. Re1 b5 51. axb5 Rxb5 52. Ref1 Rb6+ 53. Kd5 Rb7 54. Ra1 Rd7+ 55. Kc6 Rc7+ 56. Kd6 Rb7 57. Ra6 Rb4 58. Rxa7 Rd4+ 59. Ke7 c4 60. Rxf7+ Kg8 1-0

[Event "Mittelfranken-ch QT 55th"]
[Site "Postbauer"]
[Date "2006.04.12"]
[Round "1"]
[White "Maertin, Eberhard"]
[Black "Dreiseitel, Ursula"]
[Result "1-0"]
[WhiteElo "1664"]
[BlackElo "1259"]
[PlyCount "111"]
[EventDate "2006.04.12"]
[EventType "swiss"]
[EventRounds "7"]
[EventCountry "GER"]
[SourceTitle "EXT 2015"]
[Source "ChessBase"]
[SourceDate "2014.11.20"]
[SourceVersion "1"]
[SourceVersionDate "2014.11.20"]
[SourceQuality "1"]

1. d4 Nf6 2. Nc3 g6 3. e4 d6 4. Bg5 Bg7 5. Qd2 h6 6. Bf4 Nh5 7. Be3 e5 8. 0-0-0 Bd7 9. g3 a6 10. Be2 Nf6 11. Kb1 Nc6 12. d5 Na7 13. Bd3 Ng4 14. Bxa7 Rxa7 15. h3 Nf6 16. Nge2 0-0 17. f4 Nh7 18. Rdg1 b5 19. Qe3 Rb7 20. Nd1 c6 21. Nf2 Qb6 22. Nd1 Qxe3 23. Nxe3 c5 24. c4 bxc4 25. Bxc4 Rb6 26. b3 exf4 27. gxf4 Rfb8 28. Kc2 a5 29. Kd3 a4 30. Rb1 axb3 31. axb3 Bb5 32. Nc2 Bxc4+ 33. Kxc4 Rxb3 34. Rxb3 Re8 35. Re3 Nf8 36. Nc1 Nd7 37. Rhe1 Nb6+ 38. Kd3 c4+ 39. Ke2 c3 40. Kf3 Nc4 41. Nd3 Nxe3 42. Rxe3 h5 43. e5 dxe5 44. fxe5 Bh6 45. Re4 Bf8 46. Rc4 f6 47. exf6 Kf7 48. Rc6 Rd8 49. Ke4 Rd6 50. Ke5 Rd8 51. Nf4 Re8+ 52. Ne6 Bh6 53. Rxc3 g5 54. Kf5 Rg8 55. Rc7+ Ke8 56. f7# 1-0

[Event "Mittelfrankenliga-B2a 0506"]
[Site "Germany"]
[Date "2006.01.15"]
[Round "4.8"]
[White "Maertin, Eberhard"]
[Black "Preisser, Reinhard"]
[Result "1/2-1/2"]
[WhiteElo "1668"]
[BlackElo "1747"]
[PlyCount "72"]
[EventDate "2005.10.16"]
[EventType "team-tourn"]
[EventRounds "9"]
[EventCountry "GER"]
[SourceTitle "EXT 2007"]
[Source "ChessBase"]
[SourceDate "2006.11.23"]
[SourceVersion "1"]
[SourceVersionDate "2006.11.23"]
[SourceQuality "1"]

1. d4 d5 2. Nc3 Nf6 3. Bg5 e6 4. e4 dxe4 5. Nxe4 Be7 6. Bxf6 Bxf6 7. Nf3 Nc6 8. c3 0-0 9. Bd3 b6 10. Qe2 Bb7 11. 0-0-0 a5 12. h4 a4 13. a3 Na5 14. Bc2 Nb3+ 15. Kb1 Be7 16. Nfg5 g6 17. Nf3 Qd5 18. Neg5 Qd8 19. Rhe1 Bxf3 20. Nxf3 Bxh4 21. Rh1 Bf6 22. Rh3 Kg7 23. g4 Rh8 24. Qe3 h6 25. Rdh1 g5 26. Ne5 Qd6 27. f4 Bxe5 28. fxe5 Qe7 29. Qe4 f5 30. gxf5 exf5 31. Qxf5 Qf7 32. Qe4 Rae8 33. Rf3 Nd2+ 34. Kc1 Nxe4 35. Rxf7+ Kxf7 36. Bxe4 Ke7 1/2-1/2

[Event "Bayern-ch Seniors 17th"]
[Site "Schloss Schney"]
[Date "2005.06.14"]
[Round "5"]
[White "Wilfert, Eva Maria"]
[Black "Maertin, Eberhard"]
[Result "0-1"]
[WhiteElo "1556"]
[BlackElo "1693"]
[PlyCount "72"]
[EventDate "2005.06.10"]
[EventType "swiss"]
[EventRounds "9"]
[EventCountry "GER"]
[SourceTitle "EXT 2006"]
[Source "ChessBase"]
[SourceDate "2005.11.24"]
[SourceVersion "1"]
[SourceVersionDate "2005.11.24"]
[SourceQuality "1"]

1. e4 c5 2. Nf3 Nc6 3. d4 cxd4 4. Nxd4 a6 5. Be2 e6 6. 0-0 Bc5 7. c3 Nf6 8. Nxc6 bxc6 9. Bf3 0-0 10. Bg5 Be7 11. Nd2 Bb7 12. Re1 d5 13. e5 Nd7 14. Bxe7 Qxe7 15. Nb3 a5 16. Qd2 c5 17. Rad1 a4 18. Nc1 Ba6 19. Nd3 Bxd3 20. Qxd3 c4 21. Qc2 Rfb8 22. Rb1 Nc5 23. Be2 Rb7 24. Bf1 Ra5 25. a3 Rab5 26. Red1 Rb3 27. h3 Qc7 28. Re1 Qb8 29. Qd2 Rxb2 30. Rxb2 Rxb2 31. Qd4 Rb5 32. h4 Qf8 33. Qg4 Rb3 34. Bxc4 dxc4 35. Qxc4 Rxa3 36. Qb4 Nd3 0-1

[Event "Bahn-ch Seniors"]
[Site "Winterberg"]
[Date "2004.10.01"]
[Round "6"]
[White "Kerber, Wolfram"]
[Black "Maertin, Eberhard"]
[Result "1/2-1/2"]
[WhiteElo "1745"]
[BlackElo "1748"]
[PlyCount "24"]
[EventDate "2004.09.26"]
[EventType "swiss"]
[EventRounds "7"]
[EventCountry "GER"]
[SourceTitle "EXT 2013"]
[Source "ChessBase"]
[SourceDate "2012.11.22"]
[SourceVersion "1"]
[SourceVersionDate "2012.11.22"]
[SourceQuality "1"]

1. d4 Nf6 2. c4 e5 3. dxe5 Ng4 4. Nf3 Nc6 5. Nc3 Ngxe5 6. Nxe5 Nxe5 7. e3 Bb4 8. Bd2 d6 9. a3 Bxc3 10. Bxc3 0-0 11. Bxe5 dxe5 12. Qxd8 Rxd8 1/2-1/2

[Event "Bayern-ch Seniors 16th"]
[Site "Schloss Schney"]
[Date "2004.06.14"]
[Round "9"]
[White "Maertin, Eberhard"]
[Black "Schuster, Herbert"]
[Result "0-1"]
[WhiteElo "1748"]
[BlackElo "1683"]
[PlyCount "132"]
[EventDate "2004.06.06"]
[EventType "swiss"]
[EventRounds "9"]
[EventCountry "GER"]
[SourceTitle "EXT 2006"]
[Source "ChessBase"]
[SourceDate "2005.11.24"]
[SourceVersion "1"]
[SourceVersionDate "2005.11.24"]
[SourceQuality "1"]

1. d4 Nf6 2. Nc3 c6 3. Bg5 d5 4. Nf3 h6 5. Bh4 Bf5 6. Nd2 Nbd7 7. f3 Qb6 8. Nb3 e5 9. Bf2 e4 10. fxe4 Nxe4 11. Nxe4 Bxe4 12. c3 Bd6 13. e3 0-0 14. Qd2 a5 15. Bg3 Bxg3+ 16. hxg3 a4 17. Nc1 Nf6 18. Rh4 Bg6 19. Bd3 Be4 20. Qf2 Qc7 21. Qf4 Qxf4 22. gxf4 Rfe8 23. Kf2 h5 24. Be2 g6 25. g4 hxg4 26. Bxg4 Kg7 27. Ne2 Rh8 28. Rxh8 Nxg4+ 29. Kg3 Rxh8 30. Kxg4 Rh2 31. Ng3 f5+ 32. Kg5 Rg2 33. Kh4 Rxb2 34. Nxe4 dxe4 35. c4 Kf6 36. c5 a3 37. Kg3 Ke6 38. Kh4 Rg2 39. Rb1 Rxa2 40. Rxb7 Rb2 41. Ra7 Rb3 42. Kg5 Rxe3 43. Kxg6 Rg3+ 44. Kh5 Kd5 45. Ra4 Rg2 46. Rxa3 Kxd4 47. Ra8 Kxc5 48. Ra5+ Kd4 49. Rxf5 c5 50. Rf8 e3 51. f5 e2 52. Re8 Kd3 53. f6 c4 54. f7 Rf2 55. Rd8+ Kc2 56. Re8 Rxf7 57. Rxe2+ Kd3 58. Re8 Rg7 59. Kh6 Rg2 60. Rd8+ Kc2 61. Kh5 c3 62. Kh4 Kc1 63. Kh3 Rg7 64. Rd6 c2 65. Rd8 Rb7 66. Kg2 Kb2 0-1

[Event "Bayern-ch Seniors 15th"]
[Site "Schloss Schney"]
[Date "2003.06.19"]
[Round "7.21"]
[White "Maertin, Eberhard"]
[Black "Straesser, Gerda"]
[Result "1-0"]
[WhiteElo "1708"]
[BlackElo "1583"]
[PlyCount "87"]
[EventDate "2003.06.13"]
[EventType "swiss"]
[EventRounds "9"]
[EventCountry "GER"]
[SourceTitle "EXT 2004"]
[Source "ChessBase"]
[SourceDate "2003.11.25"]
[SourceVersion "1"]
[SourceVersionDate "2003.11.25"]
[SourceQuality "1"]

1. Nf3 e6 2. c4 d5 3. cxd5 exd5 4. d4 Nf6 5. g3 Bd6 6. Bg2 c6 7. 0-0 0-0 8. Re1 Bf5 9. Nc3 Nbd7 10. Bg5 h6 11. Bxf6 Nxf6 12. Nd2 Re8 13. Qb3 Qd7 14. a4 Ne4 15. Rad1 Re7 16. Ndxe4 dxe4 17. e3 Be6 18. Qc2 f5 19. Nb1 Bb4 20. Nc3 Bc4 21. Bf1 Qe6 22. Bxc4 Qxc4 23. Ra1 Bxc3 24. bxc3 a5 25. Reb1 Rd7 26. Rb6 c5 27. Qb3 Qxb3 28. Rxb3 cxd4 29. cxd4 Rc7 30. Rb5 g6 31. Rab1 Rc4 32. Rxb7 Rxa4 33. R1b6 Ra1+ 34. Kg2 a4 35. Rxg6+ Kh8 36. Rxh6+ Kg8 37. Rhb6 a3 38. Rb8+ Rxb8 39. Rxb8+ Kf7 40. Ra8 Ke6 41. h3 Kd5 42. h4 Kc4 43. h5 Kb3 44. h6 1-0

[Event "Bayern-ch Seniors 15th"]
[Site "Schloss Schney"]
[Date "2003.06.17"]
[Round "5.23"]
[White "Thonig, Manfred"]
[Black "Maertin, Eberhard"]
[Result "1-0"]
[WhiteElo "1521"]
[BlackElo "1708"]
[PlyCount "71"]
[EventDate "2003.06.13"]
[EventType "swiss"]
[EventRounds "9"]
[EventCountry "GER"]
[SourceTitle "EXT 2004"]
[Source "ChessBase"]
[SourceDate "2003.11.25"]
[SourceVersion "1"]
[SourceVersionDate "2003.11.25"]
[SourceQuality "1"]

1. f4 c5 2. b3 d5 3. Nf3 Nc6 4. e3 Bg4 5. Bb5 Rc8 6. 0-0 e6 7. Qe1 Bxf3 8. Rxf3 Nf6 9. Bb2 a6 10. Bxc6+ Rxc6 11. d3 Be7 12. Nd2 b5 13. Rh3 d4 14. e4 g6 15. Nf3 Nh5 16. Ne5 Rc8 17. Bc1 Bf6 18. g4 Ng7 19. g5 Bxe5 20. fxe5 Nh5 21. Qf2 Qc7 22. Bf4 Kd7 23. c3 Qb6 24. Bd2 Rhf8 25. cxd4 f5 26. gxf6 cxd4 27. f7 Rc2 28. Rf3 Qc5 29. a4 b4 30. a5 Qxe5 31. Ra4 Qc5 32. Qe1 Rc3 33. Bh6 g5 34. Bxf8 Qxf8 35. Rxb4 e5 36. Rb8 1-0

[Event "Mittelfranken-ch Seniors 51st"]
[Site "Zirndorf"]
[Date "2002.??.??"]
[Round "2"]
[White "Babichev, Vyacheslav"]
[Black "Maertin, Eberhard"]
[Result "1-0"]
[WhiteElo "1787"]
[BlackElo "1735"]
[PlyCount "81"]
[EventDate "2002.03.??"]
[EventType "swiss"]
[EventRounds "7"]
[EventCountry "GER"]
[SourceTitle "EXT 2006"]
[Source "ChessBase"]
[SourceDate "2005.11.24"]
[SourceVersion "1"]
[SourceVersionDate "2005.11.24"]
[SourceQuality "1"]

1. d4 d5 2. e4 dxe4 3. Nc3 e5 4. d5 Bf5 5. Bc4 Bb4 6. Nge2 Nf6 7. Bg5 0-0 8. 0-0 Bxc3 9. Nxc3 h6 10. Bh4 a6 11. a4 Qd6 12. h3 Nbd7 13. Re1 Rfe8 14. Bb3 Rad8 15. Qd2 Qb4 16. Nxe4 Qxd2 17. Nxd2 Nc5 18. Ba2 Nxa4 19. Bxf6 gxf6 20. c4 Nxb2 21. Ne4 Bxe4 22. Rxe4 f5 23. Rh4 Kg7 24. Rb1 Kg6 25. Rxb2 Kg5 26. g3 b6 27. f4+ exf4 28. Rxf4 Re3 29. h4+ Kg6 30. Kf2 Rde8 31. Bb1 Rc3 32. Rxf5 Kg7 33. Rf4 Ree3 34. Rg4+ Kf6 35. Re2 Rxe2+ 36. Kxe2 Rb3 37. Bd3 a5 38. Kd2 Rb4 39. Kc3 b5 40. Rf4+ Ke7 41. cxb5 1-0

[Event "Bahn-chH"]
[Site "Bad Wildungen"]
[Date "2000.09.25"]
[Round "2"]
[White "Schmidt, Wilhelm"]
[Black "Maertin, Eberhard"]
[Result "0-1"]
[WhiteElo "1537"]
[BlackElo "1734"]
[PlyCount "70"]
[EventDate "2000.09.24"]
[EventType "swiss"]
[EventRounds "7"]
[EventCountry "GER"]
[SourceTitle "EXT 2003"]
[Source "ChessBase"]
[SourceDate "2002.11.25"]
[SourceVersion "1"]
[SourceVersionDate "2002.11.25"]
[SourceQuality "1"]

1. d4 Nf6 2. Nf3 d5 3. Bg5 e6 4. e3 Nbd7 5. Bd3 h6 6. Bh4 Be7 7. Nbd2 c5 8. c3 0-0 9. 0-0 c4 10. Bc2 b5 11. Re1 Bb7 12. Ne5 Nxe5 13. dxe5 Nd7 14. Bxe7 Qxe7 15. f4 Nc5 16. Nf3 Rad8 17. Nd4 a6 18. Qe2 Rc8 19. Rac1 Rc7 20. Qh5 f5 21. exf6 Rxf6 22. Nf3 Bc6 23. Ne5 Be8 24. Qf3 Nd7 25. Ng4 Rf8 26. Qg3 Kh8 27. Qh3 Nf6 28. Ne5 Bf7 29. Bg6 Be8 30. Rf1 Kg8 31. Bc2 Nd7 32. Ng4 h5 33. Rce1 g6 34. Ne5 Rf6 35. Qh4 Nxe5 0-1

[Event "Bahn-chH"]
[Site "Bad Wildungen"]
[Date "2000.09.24"]
[Round "1"]
[White "Maertin, Eberhard"]
[Black "Gottsmann, Lothar"]
[Result "1-0"]
[WhiteElo "1734"]
[BlackElo "1506"]
[PlyCount "41"]
[EventDate "2000.09.24"]
[EventType "swiss"]
[EventRounds "7"]
[EventCountry "GER"]
[SourceTitle "EXT 2003"]
[Source "ChessBase"]
[SourceDate "2002.11.25"]
[SourceVersion "1"]
[SourceVersionDate "2002.11.25"]
[SourceQuality "1"]

1. e4 c5 2. Nf3 Nc6 3. c3 e5 4. Bb5 d6 5. Bxc6+ bxc6 6. 0-0 Nf6 7. Re1 Be7 8. d4 cxd4 9. cxd4 Bg4 10. Qa4 Qc7 11. dxe5 Bxf3 12. exf6 Bxf6 13. gxf3 0-0 14. Nc3 Rfc8 15. Bf4 Qb6 16. Qc2 Be5 17. Bxe5 dxe5 18. b3 Rd8 19. Rad1 Rd4 20. Ne2 Rxd1 21. Rxd1 1-0

[Event "Dresden Vdes op"]
[Site "Dresden"]
[Date "2000.01.29"]
[Round "6"]
[White "Strauss, Peter"]
[Black "Maertin, Eberhard"]
[Result "1/2-1/2"]
[WhiteElo "1808"]
[BlackElo "1657"]
[PlyCount "56"]
[EventDate "2000.01.26"]
[EventType "swiss"]
[EventRounds "7"]
[EventCountry "GER"]
[SourceTitle "EXT 2001"]
[Source "ChessBase"]
[SourceDate "2000.11.22"]
[SourceVersion "1"]
[SourceVersionDate "2000.11.22"]
[SourceQuality "1"]

1. d4 d5 2. c3 Nf6 3. e3 Bf5 4. Qb3 b6 5. Nf3 Bxb1 6. Rxb1 e6 7. Bd3 Bd6 8. Bd2 Nbd7 9. 0-0 0-0 10. Qc2 h6 11. Rfe1 Re8 12. Rbd1 e5 13. dxe5 Bxe5 14. c4 dxc4 15. Bxc4 Re7 16. Nxe5 Nxe5 17. Bc3 Qe8 18. Bb3 c5 19. Qf5 b5 20. Bc2 b4 21. Bd2 Rd8 22. b3 Re6 23. Qf4 Red6 24. Bc1 Rxd1 25. Rxd1 Rxd1+ 26. Bxd1 Qd7 27. Be2 Nd3 28. Qc4 Nxc1 1/2-1/2